000 00215nam a2200085 4500
001 1235327
005 20250930124143.0
245 _aTUHAF ŞEYLER İLGİNÇ İNSAN VÜCUDU
_cŞEBNEM PİŞKİN
260 _bÇOCUK GEZEGENİ
999 _c1235327
_d1235327